Vista normal Vista MARC

Entrada Personal Name

Número de registros utilizados en: 3

001 - CONTROL NUMBER

  • control field: 11182

003 - CONTROL NUMBER IDENTIFIER

  • control field: OSt

005 - DATE AND TIME OF LATEST TRANSACTION

  • control field: 20230915230159.0

008 - FIXED-LENGTH DATA ELEMENTS

  • fixed length control field: 230915|| aca||aabn | a|a d

040 ## - CATALOGING SOURCE

  • Original cataloging agency: OSt
  • Transcribing agency: OSt

100 ## - HEADING--PERSONAL NAME

  • Personal name: Swinarski ; Christophe

670 ## - SOURCE DATA FOUND

  • Source citation: Work cat.: (OSt)21118: Swinarski ; Christophe, , Principales Nociones e Institutos del Derecho Internacional Humanitario como sistema de protección de la persona Humana, Costa Rica : Intituto InterAméricano de Derechos Humano









Instituto Departamental de Cultura del Meta - Red Departamental de Bibliotecas Públicas del Meta.